000 00659nam a2200193Ia 4500
003 GCL
008 140319s9999 xx 000 0 ara d
040 _aGCL /
_cGCL
082 0 4 _a189.1
_bع ا
100 1 _aعلى زيعور
245 1 0 _aالافغانى وعبده فى اشكاليات التربية والقيم والوعى اللاسياسى /
_cعلى زيعور
250 _aالاولى
260 _aبيروت :
_bعز الدين ،
_c1993
300 _a404 ص ؛
_c24 سم
650 0 4 _aالفلسفة الاسلامية
650 0 4 _aجمال الدين الافغانى
650 0 4 _aمحمد عبده (الامام)
942 _2ddc
_cBK
999 _c5649
_d5649